Tailor-made for growth (Record no. 77778)

MARC details
000 -LEADER
fixed length control field 00839cab a2200217 4500
001 - CONTROL NUMBER
control field ##L135089
008 - FIXED-LENGTH DATA ELEMENTS--GENERAL INFORMATION
fixed length control field 060925n2006 000 0 eng u
035 ## - SYSTEM CONTROL NUMBER
System control number (Sirsi) u135089
041 #0 - LANGUAGE CODE
Language code of text/sound track or separate title eng
100 1# - MAIN ENTRY--PERSONAL NAME
Personal name Loney, Nick
245 00 - TITLE STATEMENT
Title Tailor-made for growth
260 ## - PUBLICATION, DISTRIBUTION, ETC.
Date of publication, distribution, etc. 2006
490 #0 - SERIES STATEMENT
Series statement Regeneration and Renewal
Volume/sequential designation 4 August 2006, 20-23(3)
520 ## - SUMMARY, ETC.
Summary, etc. Reports on the progress of the increasingly sophisticated local regeneration agencies built in industrial towns to attract investment to revive their local economies and restore their urban fabric. Looks at the varied developments in Whitehaven, Doncaster, St Helens. East Lancashire and Nottingham.
651 #4 - SUBJECT ADDED ENTRY--GEOGRAPHIC NAME
Geographic name WHITEHAVEN
651 #4 - SUBJECT ADDED ENTRY--GEOGRAPHIC NAME
Geographic name DONCASTER
651 #4 - SUBJECT ADDED ENTRY--GEOGRAPHIC NAME
Geographic name ST HELENS
651 #4 - SUBJECT ADDED ENTRY--GEOGRAPHIC NAME
Geographic name EAST LANCASHIRE
690 ## - LOCAL SUBJECT ADDED ENTRY--TOPICAL TERM (OCLC, RLIN)
Topical term or geographic name as entry element PROPERTY-PROPERTY MANAGEMENT-REGENERATION
942 ## - ADDED ENTRY ELEMENTS (KOHA)
Suppress in OPAC 0
Holdings
Withdrawn status Lost status Source of classification or shelving scheme Damaged status Not for loan Home library Current library Shelving location Date acquired Total Checkouts Full call number Barcode Date last seen Copy number Price effective from Koha item type
    Dewey Decimal Classification     London London Journal article 25/09/2006   L135089 135089-1001 06/08/2019 1 06/08/2019 Journal article